000 00403 a2200145 4500
005 20250611064507.0
020 _a1-292-40948-7
082 _a332 MIS
100 _aMISHKIN, F. S.
245 _aThe Economics of Money, Banking and Financial Markets
250 _a13th Ed.
260 _aLondon,
_bPearson,Education Limited,
_c2022.
300 _a718p.: Ill.; figures.
_bIndex
_c25cm.
942 _2ddc
_cBKS
999 _c3699
_d3699